| 000 | 00358nam a2200145Ia 4500 | ||
|---|---|---|---|
| 008 | 150201s2003 xx 000 0 und d | ||
| 082 |
_a617.6 _bD2003S |
||
| 100 | _aVIJAY P. SINGH | ||
| 245 | _aMCQS IN DENTISTRY (CLINICAL SCIENCE) | ||
| 250 | _a1ST | ||
| 260 |
_bAITBS _aDELHI _c2003 |
||
| 300 | _a1-400 | ||
| 650 | _aGENERAL DENTISTRY | ||
| 942 |
_2ddc _cBK _01 |
||
| 999 |
_c2803 _d2803 |
||